Top 20 passeurs décisifs 2020 (année civil) - Statistiques

Statistiques générales
  • Ce quiz a été pris 121 fois
  • Le résultat moyen est 9 sur 20
Statistiques - réponses
Top Nationalité Nb passes décisives Joueur % Correct
3 Belgique 21 Kevin De Bruyne
100%
1 Argentine 26 Lionel Messi
100%
2 Allemagne 23 Thomas Müller
94%
6 France 19 Kylian Mbappé
92%
5 Argentine 20 Angel Di Maria
90%
4 Allemagne 20 Joshua Kimmich
72%
7 Portugal 18 Bruno Fernandes
69%
13 Pologne 15 Robert Lewandowski
68%
18 Angleterre 13 Harry Kane
59%
19 Colombie 13 Juan Cuadrado
32%
17 Arménie 13 Henrikh Mkhitaryan
28%
8 Turuquie 17 Hakan Calhanoglu
25%
20 France 13 Moussa Diaby
21%
16 Italie 13 Ciro Immobile
19%
14 Belgique 14 Dries Mertens
17%
11 Angleterre 15 Jadon Sancho
15%
10 Espagne 16 Jordi Alba
7%
12 Argentine 15 Papu Gómez
6%
9 France 17 Anthony Martial
2%
15 Allemagne 14 Kerem Demirbay
0%
Aucun quiz correspondant
Distribution des résultats
% des personnes avec chaque résultat
Percentile par nombre de réponses
Votre historique - résultats
Vous n’avez pas pris ce quiz